№ 5 (379); Кабели и провода

Manylion Llyfryddiaeth
Parent link:Кабели и провода: научно-технический журнал/ ООО "Журнал "Кабели и провода". № 5 (379).— , 2003-2016, 2019-
Crynodeb:Режим доступа: по договору с организацией-держателем ресурса
Iaith:Rwseg
Cyhoeddwyd: 2019
Mynediad Ar-lein:https://elibrary.ru/contents.asp?id=41543385
Fformat: Electronig Llyfr
KOHA link:https://koha.lib.tpu.ru/cgi-bin/koha/opac-detail.pl?biblionumber=585138

MARC

LEADER 00000nam2a2200000 4500
001 585138
005 20231101131233.0
035 |a (RuTPU)RU\TPU\prd\287274 
035 |a RU\TPU\prd\286580 
090 |a 585138 
100 |a 20200211a20009999k y0rusy50 ca 
101 0 |a rus 
102 |a RU 
181 0 |a i  
182 0 |a b 
200 0 |a № 5 (379)  |b Электронный ресурс 
203 |a Текст  |c электронный 
210 |d 2019 
333 |a Режим доступа: по договору с организацией-держателем ресурса 
461 1 |0 (RuTPU)RU\TPU\prd\15848  |t Кабели и провода  |o научно-технический журнал  |f ООО "Журнал "Кабели и провода"  |v № 5 (379)  |d 2003-2016, 2019- 
801 0 |a RU  |b 63413507  |c 20010227  |g PSBO 
801 1 |a RU  |b 63413507  |c 20170309 
801 2 |a RU  |b 63413507  |c 20200220  |g RCR 
856 4 0 |u https://elibrary.ru/contents.asp?id=41543385 
942 |c BK